<?xml version="1.0" encoding="UTF-8"?>
<collection xmlns="http://www.loc.gov/MARC21/slim">
<record>
  <controlfield tag="001">101665</controlfield>
  <controlfield tag="005">20210513121122.0</controlfield>
  <datafield tag="037" ind1=" " ind2=" ">
    <subfield code="a">TAZ-TFM-2020-1162</subfield>
  </datafield>
  <datafield tag="041" ind1=" " ind2=" ">
    <subfield code="a">spa</subfield>
  </datafield>
  <datafield tag="100" ind1="1" ind2=" ">
    <subfield code="a">Marhelka, Bogdan Radu</subfield>
  </datafield>
  <datafield tag="242" ind1="0" ind2="0">
    <subfield code="a">Game theory and labor managed firms</subfield>
  </datafield>
  <datafield tag="245" ind1="0" ind2="0">
    <subfield code="a">Teoría de juegos y sociedades cooperativas</subfield>
  </datafield>
  <datafield tag="260" ind1=" " ind2=" ">
    <subfield code="a">Zaragoza</subfield>
    <subfield code="b">Universidad de Zaragoza</subfield>
    <subfield code="c">2020</subfield>
  </datafield>
  <datafield tag="506" ind1=" " ind2=" ">
    <subfield code="a">by-nc-sa</subfield>
    <subfield code="b">Creative Commons</subfield>
    <subfield code="c">3.0</subfield>
    <subfield code="u">http://creativecommons.org/licenses/by-nc-sa/3.0/</subfield>
  </datafield>
  <datafield tag="520" ind1=" " ind2=" ">
    <subfield code="a">La teoría de juegos, a pesar de tener una línea de desarrollo sobre los juegos cooperativos, es un marco de análisis que apenas se ha aplicado en el estudio de las sociedades cooperativas. En este trabajo se realiza un análisis de la literatura sobre la teoría de juegos y las sociedades cooperativas a partir de tres aproximaciones: la cooperativa, los cooperativistas y la combinación de ambas. Así en el primer caso se analiza la teoría de juegos y comportamiento de la cooperativa, a través del estudio de mercados oligopolísticos y diferencia de objetivos entre la cooperativa y la empresa de capital. En segundo lugar, se examinan los trabajos sobre el comportamiento del cooperativista a partir de la cooperación, los roles del cooperativista y los efectos que tienen las estructuras organizativas sobre ellos. En tercer lugar, se revisan las contribuciones que engloban los dos enfoques anteriores a partir de la creación de cooperativas y la conexión entre el análisis empresarial y microeconómico. A partir de la revisión realizada se plantean las posibles líneas futuras de investigación. Dos de ellas son la modelización de los roles del cooperativista y la búsqueda de nuevos conceptos de solución de los juegos que sean más acordes a los principios cooperativos.&lt;br />&lt;br /></subfield>
  </datafield>
  <datafield tag="521" ind1=" " ind2=" ">
    <subfield code="a">Máster Universitario en Dirección, Estrategia y Markéting</subfield>
  </datafield>
  <datafield tag="540" ind1=" " ind2=" ">
    <subfield code="a">Derechos regulados por licencia Creative Commons</subfield>
  </datafield>
  <datafield tag="700" ind1=" " ind2=" ">
    <subfield code="a">Marcuello Servós, Carmen</subfield>
    <subfield code="e">dir.</subfield>
  </datafield>
  <datafield tag="710" ind1="2" ind2=" ">
    <subfield code="a">Universidad de Zaragoza</subfield>
    <subfield code="b"> </subfield>
    <subfield code="c"></subfield>
  </datafield>
  <datafield tag="856" ind1="0" ind2=" ">
    <subfield code="f">699067@unizar.es</subfield>
  </datafield>
  <datafield tag="856" ind1="4" ind2=" ">
    <subfield code="s">535419</subfield>
    <subfield code="u">http://zaguan.unizar.es/record/101665/files/TAZ-TFM-2020-1162.pdf</subfield>
    <subfield code="y">Memoria (spa)</subfield>
  </datafield>
  <datafield tag="909" ind1="C" ind2="O">
    <subfield code="o">oai:zaguan.unizar.es:101665</subfield>
    <subfield code="p">driver</subfield>
    <subfield code="p">trabajos-fin-master</subfield>
  </datafield>
  <datafield tag="950" ind1=" " ind2=" ">
    <subfield code="a"></subfield>
  </datafield>
  <datafield tag="980" ind1=" " ind2=" ">
    <subfield code="a">TAZ</subfield>
    <subfield code="b">TFM</subfield>
    <subfield code="c">ECON</subfield>
  </datafield>
  <datafield tag="999" ind1=" " ind2=" ">
    <subfield code="a">20201019121756.CREATION_DATE</subfield>
  </datafield>
  <datafield tag="951" ind1=" " ind2=" ">
    <subfield code="a">deposita:2021-05-13</subfield>
  </datafield>
</record>
</collection>